000 01434nam a2200409 c 4500
001 45772
003 ES-MaCES
005 20150216123440.0
008 150210s2014 sp o000 | spa d
017 _aM 23905-2014
_bDL
020 _a9788473513517
024 _a635140216
_2nipo
040 _aES-MaCES
_bspa
_cES-MaCES
245 0 3 _aEl coraje de liderar
_b: la democracia amenazada en el Siglo XXI
_cCésar Días-Carrera, Antonio Natera (dirs.) ; autores, César Díaz-Carrera ... [et al.]
260 _aMadrid
_bTecnos
260 _bINAP, Instituto Nacional de Administración Pública
_c[2014]
300 _a354 p.
_c23 cm
541 _cGratuito
650 4 _ademocracia
_927175
650 4 _asociedad
_927269
650 4 _aliderazgo
_927293
650 4 _aclase dirigente
_927295
650 4 _adirección política
_927240
650 4 _acomportamiento político
_927237
650 4 _acorrupción
_929365
650 4 _adesarrollo político
_929225
650 4 _aparticipación popular
_929756
650 4 _amovimiento social
_927313
650 4 _ateoría política
_927233
650 4 _ainvestigación interdisciplinaria
_928841
653 1 0 _aCiencias Sociales-Políticas
700 1 _935622
_aDíaz-Carrera, César
_eaut. y dir.
700 1 _935623
_aNatera, Antonio
_edir.
710 2 _94265
_aInstituto Nacional de Administración Pública (España)
_eed.
902 _aLIB Libro
942 _2CES
_cBK
_h7.0.
999 _c45772
_d45772